000 02503cam a22005298i 4500
001 9780429346323
003 FlBoTFG
005 20250124160947.0
006 m o d
007 cr |||||||||||
008 191219s2020 enk ob 001 0 eng
040 _aKO
_beng
040 _aOCoLC-P
_beng
_erda
_cOCoLC-P
020 _a9780429346323
_q(ebook)
020 _a0429346328
_q(ebook)
020 _a9781000061581
_q(electronic bk. : EPUB)
020 _a1000061582
_q(electronic bk. : EPUB)
020 _a9781000061529
_q(electronic bk. : Mobipocket)
020 _a1000061523
_q(electronic bk. : Mobipocket)
020 _a9781000061468
_q(electronic bk. : PDF)
020 _a1000061469
_q(electronic bk. : PDF)
020 _a9781315618159
_q(electronic bk.)
020 _a131561815X
_q(electronic bk.)
020 _z9780367364625
_q(hardback)
020 _z9780367364632
_q(paperback)
041 0 _aeng
072 7 _aTRA
_x000000
_2bisacsh
072 7 _aRGC
_2bicssc
082 0 0 _a388.01
_223
100 1 _aRodrigue, Jean-Paul,
_d1967-
_eauthor.
245 1 4 _aThe geography of transport systems /
_cJean-Paul Rodrigue.
250 _aFifth edition.
264 1 _aAbingdon, Oxon ;
_aNew York, NY :
_bRoutledge,
_c2020.
300 _a1 online resource
336 _atext
_btxt
_2rdacontent
337 _acomputer
_bn
_2rdamedia
338 _aonline resource
_bnc
_2rdacarrier
520 _a"This expanded and revised fifth edition provides a comprehensive and accessible introduction to the field with a broad overview of its concepts, methods and areas of application. It provides an overview of the spatial aspects of transportation and focuses on how the mobility of passengers and freight is linked with geography. This volume is an essential resource for undergraduates studying transport geography, as well as those interested in economic and urban geography, transport planning and engineering. A companion web site, which contains photographs, maps, figures and PowerPoint presentations, can be found here: https://transportgeography.org/"--
_cProvided by publisher.
588 _aOCLC-licensed vendor bibliographic record.
650 0 _aTransportation geography.
650 7 _aTRANSPORTATION / General
_2bisacsh
856 4 0 _3Taylor & Francis
_uhttps://www.taylorfrancis.com/books/9780429346323
856 4 2 _3OCLC metadata license agreement
_uhttp://www.oclc.org/content/dam/oclc/forms/terms/vbrl-201703.pdf
904 _aRUDRA_R
905 _aR_RANJAN
942 _cEB
999 _c3014
_d3014